000
00317nam a22001217a 4500
041
_a
ENG
100
_a
Earl,O
245
_a
Economic Models Of Agricultural Land Conservation And Environmental Improvement
260
_a
Delhi
_b
LKowa State University
_c
1996
300
_a
275
650
_a
FMP
856
_u
FMP ( 04 )
999
_c
1475
_d
1475